000 00764nam a22002057a 4500
005 20240530110509.0
008 151026s2011 ua a f 000 0 ara d
017 _a2011/5586
_bمصر . دار الكتب المصرية
040 _aEG-CaGPL
082 0 4 _221
_a303.4
_bق/س ل
100 0 _aسامى كمال الدين .
245 1 0 _aليلة سقوط الرئيس :
_bيوميات التحرير /
_cسامى كمال الدين .
250 _aط2.
260 _aالقاهرة :
_bمكتبة جزيرة الورد ،
_c2012 .
300 _a256 ص ؛
_c24 سم .
650 0 4 _aثورة 25 يناير .
651 0 4 _aمصر
_xالاحوال السياسية
_yثورة 25 يناير .
942 _2ddc
_cBK
999 _c61645
_d61645